Terveydenhuollon ammattinimikkeet - Statistics

Yleistilastot
  • Tätä visaa on pelattu 47 kertaa
  • Keskiarvotulos 10 / 32
Vastaustilastot
% Oikein
Laillistettava sairaanhoitaja
95%
Laillistettava lääkäri
92%
Nimikesuojattava lähihoitaja
89%
Laillistettava fysioterapeutti
70%
Laillistettava terveydenhoitaja
62%
Laillistettava hammaslääkäri
59%
Laillistettava psykologi
49%
Laillistettava kätilö
41%
Nimikesuojattava psykoterapeutti
41%
Laillistettava suuhygienisti
41%
Laillistettava toimintaterapeutti
41%
Laillistettava erikoislääkäri
38%
Laillistettava farmaseutti
32%
Laillistettava puheterapeutti
30%
Nimikesuojattava koulutettu hieroja
27%
Laillistettava röntgenhoitaja
27%
Laillistettava optikko
24%
Nimikesuojattava osteopaatti
24%
Laillistettava proviisori
22%
Nimikesuojattava kiropraktikko
19%
Nimikesuojattava naprapaatti
19%
Laillistettava ravitsemusterapeutti
19%
Laillistettava hammasteknikko
16%
Laillistettava erikoishammaslääkäri
14%
Nimikesuojattava apuvälineteknikko
11%
Laillistettava laboratoriohoitaja
11%
Nimikesuojattava sairaalafyysikko
5%
Nimikesuojattava jalkaterapeutti
3%
Nimikesuojattava sairaalakemisti
3%
Nimikesuojattava sairaalageneetikko
0%
Nimikesuojattava sairaalamikrobiologi
0%
Nimikesuojattava sairaalasolubiologi
0%
Ehtoja vastaavia visoja ei löytynyt
Tulosjakauma
Jokaisen tuloksen saaneiden osuus
Persentiili vastausten määrän mukaan
Tuloshistoriasi
Et ole pelannut tätä visaa